| 000 | 01552nam a22003257a 4500 | ||
|---|---|---|---|
| 005 | 20260216160226.0 | ||
| 008 | s2554 th ||||| |||| 00| 0 tha d | ||
| 020 | _a9789743505201 | ||
| 050 | _aPN1992.2 ร388ส 2554 | ||
| 100 | 0 | _aชิตวัน สมรูป | |
| 245 | 1 | 0 | _aสื่อสาธารณะเป็นเช่นใด สังคมก็เป็นเช่นนั้น |
| 260 | 3 |
_aกรุงเทพฯ : _bองค์การกระจายเสียงและแพร่ภาพสาธารณะแห่งประเทศไทย, _c2554 |
|
| 300 |
_a200 หน้า : _b ภาพประกอบ, ตาราง ; _c 21 ซม. |
||
| 650 | 0 | 4 |
_aสื่อมวลชนกับสังคม _964 |
| 650 | 0 | 4 | _aสถานีวิทยุ ซีบีซี |
| 650 | 0 | 4 | _aสถานีวิทยุ บีบีซี |
| 650 | 0 | 4 | _aสถานีโทรทัศน์ บีบีซี |
| 650 | 0 | 4 | _aวิทยุโทรทัศน์ |
| 650 | 0 | 4 | _aสถานีโทรทัศน์ เอ็นเอชเค |
| 650 | 0 | 4 | _aสถานีโทรทัศน์ พีบีเอส |
| 650 | 0 | 4 | _aสถานีโทรทัศน์ เอบีซี |
| 650 | 0 | 4 | _aABC |
| 650 | 0 | 4 | _aNHK |
| 650 | 0 | 4 | _aBBC |
| 850 | _aNALT | ||
| 942 |
_cGB _02 |
||
| 997 | _aบ 23864 | ||
| 997 | _c000000000063648 | ||
| 998 |
_aนางสุกัญญา กัลยา _j111 _k นางสาวพจพิณ พรมเอี่ยม |
||
| 999 |
_c63648 _d63648 |
||